000 nam a22 7a 4500
999 _c9461
_d9461
008 180131b ||||| |||| 00| 0 eng d
100 _aManchanda, R P
_95636
245 _aChemistry - X
260 _aNew delhi
_bRachna sagar Publication
_c2008